000 00504nam a22001817a 4500
005 20251126154024.0
010 _aENG-147201
020 _a9789389277944
_c495.00
035 _aEN-130733
037 _bDBAD
082 _a151
100 _aDubey, C.M
_985755
245 _aProverbs for Easy Understanding/
_cby C.M. Dubey
260 _aDelhi
_bVikram Prakashan
270 _aE-11/5 , Krishna Nagar
_bDelhi
_e110051
300 _a112p.
_c21cm(pb)
942 _2ddc
_cEN
_h151
_mDUB
999 _c209669
_d209669